000 00363pab a2200157 454500
008 180718b2000 xxu||||| |||| 00| 0 eng d
100 _aGupta, Anupam
245 _aHC forces EC to enter political thicket
260 _c2000
300 _ap.13
362 _a3 Jul
650 _aElections - India
650 _aElections
773 _aTribune
909 _a47129
999 _c47129
_d47129